000 00342pab a2200145 454500
008 180718b1998 xxu||||| |||| 00| 0 eng d
100 _aEllis, Robert L.
245 _aQDF: a tool to sharpen measurement
260 _c1998
300 _ap.33-36,23
362 _aSummer
650 _aManagement
773 _aPublic Manager
909 _a38871
999 _c38871
_d38871